Naturwissenschaftliche Rundschau. (رقم التسجيلة. 143676)

تفاصيل مارك
000 -LEADER
fixed length control field 01676cas a22004331 4500
008 - FIXED-LENGTH DATA ELEMENTS--GENERAL INFORMATION
fixed length control field 751101c19489999gw mr p o 0 b0ger
010 ## - LIBRARY OF CONGRESS CONTROL NUMBER
LC control number 50036489
022 ## - INTERNATIONAL STANDARD SERIAL NUMBER
International Standard Serial Number 0028-1050
040 ## - CATALOGING SOURCE
Original cataloging agency DLC
Language of cataloging eng
Transcribing agency MnMULS
Modifying agency NSDP
-- DLC
-- OCoLC
-- AIP
-- NST
-- PPBIO
-- DNLM
-- OCoLC
-- NL-LeOCL
-- OCoLC
-- DLC
-- UKMGB
-- OCoLC
-- OCLCF
-- OCLCO
-- UkLW
-- OCoLC
050 00 - LIBRARY OF CONGRESS CALL NUMBER
Classification number Q3
Item number .N823
082 04 - DEWEY DECIMAL CLASSIFICATION NUMBER
Classification number 505
092 04 - LOCALLY ASSIGNED DEWEY CALL NUMBER (OCLC)
Classification number 505
Item number N2859
Edition number 21
099 ## - LOCAL FREE-TEXT CALL NUMBER (OCLC)
Classification number 04
-- 505 N2859
210 0# - ABBREVIATED TITLE
Abbreviated title Naturwiss. Rundsch.
222 #0 - KEY TITLE
Key title Naturwissenschaftliche Rundschau
245 00 - TITLE STATEMENT
Title Naturwissenschaftliche Rundschau.
246 13 - VARYING FORM OF TITLE
Title proper/short title NR
Date or sequential designation <Mar. 2012->
260 ## - PUBLICATION, DISTRIBUTION, ETC.
Place of publication, distribution, etc. Stuttgart,
Name of publisher, distributor, etc. Wissenschaftliche Verlagsgesellschaft.
300 ## - PHYSICAL DESCRIPTION
Extent volumes
Other physical details illustrations
Dimensions 30 cm
310 ## - CURRENT PUBLICATION FREQUENCY
Current publication frequency Monthly
362 0# - DATES OF PUBLICATION AND/OR SEQUENTIAL DESIGNATION
Dates of publication and/or sequential designation 1.- Jahrg. ; Juli 1948-
336 ## - CONTENT TYPE
Content type term text
Source rda content
337 ## - MEDIA TYPE
Media type term Unmediated
Source rdamedia
338 ## - CARRIER TYPE
Carrier type term volume
Source rdacarrier
500 ## - GENERAL NOTE
General note "Unter Mitarbeit zahlreicher Fachgelehrter."
510 2# - CITATION/REFERENCES NOTE
Name of source Chemical abstracts
International Standard Serial Number 0009-2258
515 ## - NUMBERING PECULIARITIES NOTE
Numbering peculiarities note Issues for <Mar. 2012-> carry also whole numbering <765->
525 ## - SUPPLEMENT NOTE
Supplement note Some no. include separarately-paged supplements reprinted from other journals.
530 ## - ADDITIONAL PHYSICAL FORM AVAILABLE NOTE
Additional physical form available note Vols. for 2004- issued also on CD-ROM and online.
550 ## - ISSUING BODY NOTE
Issuing body note Organ of the Gesellschaft Deutscher Naturforscher und èArzte, <Mar. 2012->
650 #0 - SUBJECT ADDED ENTRY--TOPICAL TERM
Topical term or geographic name entry element Science
Form subdivision Periodicals.
710 2# - ADDED ENTRY--CORPORATE NAME
Corporate name or jurisdiction name as entry element Gesellschaft Deutscher Naturforscher und èArzte.
776 1# - ADDITIONAL PHYSICAL FORM ENTRY
Title Naturwissenschaftliche Rundschau
Record control number (OCoLC)563088847
905 ## - LOCAL DATA ELEMENT E, LDE (RLIN)
Cataloger Jamal
Reviser Cat.
905 ## - LOCAL DATA ELEMENT E, LDE (RLIN)
Reviser Rev.
942 ## - ADDED ENTRY ELEMENTS (KOHA)
Source of classification or shelving scheme Dewey Decimal Classification
Koha item type Continuing Resources
Suppress in OPAC No
المقتنيات
Source of classification or shelving scheme Not for loan Home library Current library Date acquired Full call number Date last seen Koha item type
Dewey Decimal Classification   المكتبة المركزبة الجديدة - جامعة القاهرة قاعة الصحف والدوريات - الدور الثالث 11.02.2024 505 N2859 23.09.2023 Continuing Resources
Cairo University Libraries Portal Implemented & Customized by: Eng. M. Mohamady Contacts: new-lib@cl.cu.edu.eg | cnul@cl.cu.edu.eg
CUCL logo CNUL logo
© All rights reserved — Cairo University Libraries
CUCL logo
Implemented & Customized by: Eng. M. Mohamady Contact: new-lib@cl.cu.edu.eg © All rights reserved — New Central Library
CNUL logo
Implemented & Customized by: Eng. M. Mohamady Contact: cnul@cl.cu.edu.eg © All rights reserved — Cairo National University Library